أثر الثقة التنظيمية على الصمت التنظيمي لدى العاملين في الجامعات الخاصة في اقليم الشمال= The Impact of Organizational Trust on Organizational Silence for Employees in the North Region Private Universities (Record no. 31315)
[ view plain ]
| 000 -LEADER | |
|---|---|
| fixed length control field | 01383nam a2200241Ii 4500 |
| 003 - CONTROL NUMBER IDENTIFIER | |
| control field | JO-AjNU |
| 005 - DATE AND TIME OF LATEST TRANSACTION | |
| control field | 20240625132547.0 |
| 008 - FIXED-LENGTH DATA ELEMENTS--GENERAL INFORMATION | |
| fixed length control field | 230605s9999||||xx |||||||||||||| ||und|| |
| 040 ## - CATALOGING SOURCE | |
| Original cataloging agency | JO-AjNU |
| Language of cataloging | ara |
| Description conventions | rda |
| Transcribing agency | JO-AjNU |
| 041 ## - LANGUAGE CODE | |
| Language code of text/sound track or separate title | ara |
| 050 14 - LIBRARY OF CONGRESS CALL NUMBER | |
| Classification number | HF5549 2021 |
| 100 1# - MAIN ENTRY--PERSONAL NAME | |
| Personal name | أبو عيسى، وئام عبد الحميد محمود |
| Relator term | معد |
| 9 (RLIN) | 65612 |
| 245 00 - TITLE STATEMENT | |
| Title | أثر الثقة التنظيمية على الصمت التنظيمي لدى العاملين في الجامعات الخاصة في اقليم الشمال= The Impact of Organizational Trust on Organizational Silence for Employees in the North Region Private Universities |
| Statement of responsibility, etc. | / اعداد وئام عبد الحميد محمود ابو عيسى ؛ اشراف محمود علي الروسان |
| 264 31 - PRODUCTION, PUBLICATION, DISTRIBUTION, MANUFACTURE, AND COPYRIGHT NOTICE | |
| Place of production, publication, distribution, manufacture | 2021 |
| 300 ## - PHYSICAL DESCRIPTION | |
| Extent | 101 ورقة |
| 336 ## - CONTENT TYPE | |
| Content type term | text |
| Content type code | txt |
| Source | rdacontent |
| 337 ## - MEDIA TYPE | |
| Media type term | unmediated |
| Media type code | n |
| Source | rdamedia |
| 338 ## - CARRIER TYPE | |
| Carrier type term | volume |
| Carrier type code | nc |
| Source | rdacarrier |
| 500 ## - GENERAL NOTE | |
| General note | رسالة جامعية(اطروحة ماجستير) تخصص إدارة الأعمال/كلية ادارة الاعمال جامعة عجلون الوطنية، 2021<br/>يحتوي على جداول توضيحية |
| 650 #4 - SUBJECT ADDED ENTRY--TOPICAL TERM | |
| Topical term or geographic name entry element | ادارة الافراد- الثقة التنظيميه- الجامعات الخاصة-اقليم الشمال-الاردن |
| 9 (RLIN) | 61391 |
| 700 ## - ADDED ENTRY--PERSONAL NAME | |
| Personal name | محمود علي الروسان |
| Relator term | مشرف |
| 9 (RLIN) | 65616 |
| 942 ## - ADDED ENTRY ELEMENTS (KOHA) | |
| Source of classification or shelving scheme | Library of Congress Classification |
| Koha item type | Thesis |
| Withdrawn status | Lost status | Source of classification or shelving scheme | Damaged status | Not for loan | Home library | Current library | Shelving location | Date acquired | Total Checkouts | Full call number | Barcode | Date last seen | Price effective from | Koha item type |
|---|---|---|---|---|---|---|---|---|---|---|---|---|---|---|
| Library of Congress Classification | مكتبة جامعة عجلون الوطنية | مكتبة جامعة عجلون الوطنية | المراجع | 25/06/2024 | HF5549.2021 | A27747 | 06/06/2023 | 25/06/2024 | Thesis | |||||
| Library of Congress Classification | مكتبة جامعة عجلون الوطنية | مكتبة جامعة عجلون الوطنية | 25/06/2024 | HF5549.2021 | A27748 | 25/06/2024 | 25/06/2024 | Thesis |